| 000 | 00963nam a2200277 i 4500 | ||
|---|---|---|---|
| 001 | 184795 | ||
| 003 | ES-MaACL | ||
| 005 | 20250822052422.0 | ||
| 008 | 160111s2011 sp |||| | spa d | ||
| 020 | _a978-84-9946-153-3 | ||
| 080 | _a821.134.2 Cervantes Saavedra, Miguel de 7 Quijote.07 | ||
| 080 | _a028.01(0:82) | ||
| 100 | 1 |
_aCabada Gómez, Manuel. _9157059 |
|
| 245 | 1 | 0 |
_aDon Quijote lectomaníaco / _cManuel Cabada Gómez. |
| 250 | _a1ª ed. | ||
| 260 |
_aMadrid : _bEdición Personal, _c2011. |
||
| 300 |
_a155 p. ; _c21 cm. |
||
| 500 | _aGlosario. | ||
| 504 | _aBibliografía: p. [157] | ||
| 600 | 1 | 4 |
_aCervantes Saavedra, Miguel de, _d1547-1616. _tDon Quijote de la Mancha _937612 |
| 650 | 7 |
_aLibros y lectura _2embne _9142519 |
|
| 852 |
_aES-MaACL _jA-13558 _9191810 _bR.150777 _cDEPO1 _dOlim: N-6558 _hDonación: Manuel Cabada Gómez |
||
| 903 |
_9157059 _aCabada Gómez, Manuel _ednr |
||
| 942 |
_2udc _cMONOGRAFIA |
||
| 999 |
_c184795 _d184795 |
||